<The> transformation of the german armed forces as a form of an organisation change caused by the environment dizertačná práca

Gespeichert in:
Bibliographische Detailangaben
1. Verfasser: Skupin, Detlef
Körperschaft: Ekonomická univerzita v Bratislave. Fakulta podnikového manažmentu
Weitere Verfasser: Fendeková, Eleonora, 1952-
Format: Buch
Sprache:Slowakisch
Veröffentlicht: Bratislava 2008
Schlagworte:
Tags: Tag hinzufügen
Keine Tags, Fügen Sie das erste Tag hinzu!

MARC

LEADER 00000nam$a2200000$$$4500
001 0090614
005 20221207101347.9
041 0 |a slo 
044 |a SK 
245 1 0 |a <The> transformation of the german armed forces as a form of an organisation change caused by the environment  |b dizertačná práca  |c Detlef Skupin ; škol. Eleonora Fendeková 
264 1 |a Bratislava  |c 2008 
300 |a 195 s. 
610 2 0 |a armáda 
610 2 0 |a Nemecko 
610 2 0 |a vojenstvo 
610 2 0 |a prostredie životné 
100 1 |a Skupin, Detlef 
700 1 |a Fendeková, Eleonora, 1952- 
710 2 |a Ekonomická univerzita v Bratislave. Fakulta podnikového manažmentu